000 00570nam a2200229Ia 4500
003 OSt
005 20220924152502.0
006 a|||||r|||| 00| 0
007 ta
008 220923b |||||||| |||| 00| 0 mar d
024 _a342693
037 _cTextual
040 _aARTS
_cARTS
_bmar
041 _2mar
_amar
082 _aV235:1.N5, 155H9
100 _aBhagwat V.P.
_9226789
245 0 _aMaharashtra mahodaya
260 _c1949
650 _aHISTORY
942 _hV235:1.N5, 155H9
_cTEXL
_2CC
999 _c469977
_d469977